Realms of Middle Earth in the 2nd Age - Statistics

General Stats
  • This quiz has been taken 28 times
    19 since last reset
  • The average score is 9 of 12
Answer Stats
Hint Answer % Correct
Elves Lindon
93%
Orcs Mordor
93%
Men Numenor
93%
Elves Woodland Realm
93%
Dwarves Khazad Dum
86%
Elves Lothlorien
86%
Men Gondor
79%
Elves Rivendell
79%
Men Arnor
57%
Elves Eregion
57%
Men Umbar
50%
Dwarves Mount Gundabad
29%
No matching quizzes found
Score Distribution
Percent of People with Each Score
Percentile by Number Answered
Your Score History
You have not taken this quiz since the last reset